| 000 | 00585nam a22001577a 4500 | ||
|---|---|---|---|
| 999 |
_c535679 _d535679 |
||
| 020 | _qHard Cover. | ||
| 082 | _a620.0011 | ||
| 100 | _aHafeez ur Rehman | ||
| 245 |
_aSecuring the Future: Updating the PAK-IEM with particular focus on Natural Gas forecast using TIMES Modeling frame work / _cHafeez ur Rehman. |
||
| 260 |
_aIslamabad : _bUSPCAS-EN - NUST, _c2016. |
||
| 300 |
_aviii, 81 p. : ill. ; _c30cm. |
||
| 942 |
_2ddc _cTHE |
||
| 650 |
_aEnergy Systems Engineering MS-Thesis _928880 |
||
| 700 |
_aDr Muhammad Bilal. _929083 |
||